Fiscalidad iberoamericana, siglos XVII-XX : (Record no. 207625)

MARC details
000 -CABECERA
campo de control de longitud fija 01217nam a2200301 u 4500
005 - FECHA Y HORA DE LA ÚLTIMA TRANSACCIÓN
campo de control 20230517063601.0
008 - ELEMENTOS DE LONGITUD FIJA--INFORMACIÓN GENERAL
campo de control de longitud fija 200212s2018 mx r 000 0 spa d
020 ## - NÚMERO INTERNACIONAL NORMALIZADO PARA LIBROS
Número Internacional Estándar del Libro 786078611188
Qualifying information (Instituto Mora)
020 ## - NÚMERO INTERNACIONAL NORMALIZADO PARA LIBROS
Número Internacional Estándar del Libro 9786078566372
Qualifying information (Universidad Anáhuac México)
035 ## - NÚMERO DE CONTROL DEL SISTEMA
Número de control de sistema UPN01000235530
040 ## - FUENTE DE LA CATALOGACIÓN
Centro catalogador/agencia de origen MX-MxUPN
Lengua de catalogación spa
Centro/agencia transcriptor MX-MxUPN
041 0# - CÓDIGO DE IDIOMA
Código de lengua del texto/banda sonora o título independiente spa
050 #4 - SIGNATURA TOPOGRÁFICA DE LA BIBLIOTECA DEL CONGRESO
Número de clasificación HJ2460.5
Número de documento/Ítem F57 2018
245 10 - MENCIÓN DE TÍTULO
Título Fiscalidad iberoamericana, siglos XVII-XX :
Resto del título transiciones, diseños administrativos y jurídicos
250 ## - MENCIÓN DE EDICIÓN
Mención de edición Primera edición
260 ## - PUBLICACIÓN, DISTRIBUCIÓN, ETC.
Lugar de publicación, distribución, etc. Ciudad de México :
Nombre del editor, distribuidor, etc. Instituto de Investigaciones Dr. José María Luis Mora
260 ## - PUBLICACIÓN, DISTRIBUCIÓN, ETC.
Lugar de publicación, distribución, etc. Huixquilucan, Estado de México :
Nombre del editor, distribuidor, etc. Universidad Anáhuac México,
Fecha de publicación, distribución, etc. 2018.
300 ## - DESCRIPCIÓN FÍSICA
Extensión 335 páginas :
Otras características físicas ilustraciones, tablas, mapas, gráficas
490 ## - MENCIÓN DE SERIE
Mención de serie Historia económica
650 #0 - ASIENTO SECUNDARIO DE MATERIA - TERMINO TEMATICO
9 (RLIN) 48710
Término de materia o nombre geográfico como elemento de entrada Impuestos
Subdivisión geográfica América Latina
Subdivisión general Historia
Subdivisión de forma Congresos
650 #2 - ASIENTO SECUNDARIO DE MATERIA - TERMINO TEMATICO
9 (RLIN) 27797
Término de materia o nombre geográfico como elemento de entrada Finanzas públicas
Subdivisión geográfica América Latina
Subdivisión general Historia
Subdivisión cronológica Siglo XVIII
700 1# - ASIENTO SECUNDARIO--NOMBRE DE PERSONAL
9 (RLIN) 48914
Nombre de persona Jáuregui, Luis,
Fechas asociadas al nombre 1956-
Término indicativo de función/relación coordinación
700 1# - ASIENTO SECUNDARIO--NOMBRE DE PERSONAL
Nombre de persona Becerril Hernández, Carlos de Jesús
Término indicativo de función/relación coordinación
9 (RLIN) 38826
902 ## - ELEMENTOS DE DATOS B LOCAL, LDB (RLIN)
Modificó NoemiAcosta/210423
905 ## - TIPO DE MATERIAL
Tipo de material Libro
942 ## - ELEMENTOS DE PUNTO DE ACCESO ADICIONAL (KOHA)
Suprimir en OPAC No
Fuente del sistema de clasificación o colocación Library of Congress Classification
Tipo de ítem Koha Libro
Holdings
Estado de retiro Estado de pérdida Fuente del sistema de clasificación o colocación Estado dañado No para préstamo Código de colección Localización permanente Ubicación/localización actual Ubicación en estantería Fecha de adquisición Clasificación Código de barras Fecha visto por última vez Tipo de ítem Koha
    Library of Congress Classification     Colección General Bib. Gregorio Torres Quintero Bib. Gregorio Torres Quintero Planta baja 21/04/2023 HJ2460.5 F57 2018 333284 31/12/2020 Libro